Аналитический обзор опроса State of JavaScript Survey; Прогрессивные технологии и экономика в машиностроении

Bibliografiset tiedot
Parent link:Прогрессивные технологии и экономика в машиностроении.— 2021.— [С. 144-147]
Päätekijä: Чикуров Р. Р.
Yhteisötekijä: Национальный исследовательский Томский политехнический университет Юргинский технологический институт
Muut tekijät: Чернышёва Т. Ю. Татьяна Юрьевна (научный руководитель)
Yhteenveto:Заглавие с экрана
В статье рассматриваются данные полученные в результате проведения опроса State of JavaScript Survey, отображающего популярность языка JavaScript и его библиотек. Анализируется статистика осведомленности о функциях JavaScript и частоте использования их среди разработчиков.
The article examines the data obtained as a result of the State of JavaScript Survey, which shows the popularity of the JavaScript language and its libraries. We analyze statistics on the awareness of JavaScript functions and the frequency of their use among developers.
Kieli:venäjä
Julkaistu: 2021
Sarja:Информационные технологии, экономика, управление
Aiheet:
Linkit:http://earchive.tpu.ru/handle/11683/65284
Aineistotyyppi: Elektroninen Kirjan osa
KOHA link:https://koha.lib.tpu.ru/cgi-bin/koha/opac-detail.pl?biblionumber=632769

MARC

LEADER 00000naa2a2200000 4500
001 632769
005 20231102024623.0
035 |a (RuTPU)RU\TPU\conf\34491 
035 |a RU\TPU\conf\34490 
090 |a 632769 
100 |a 20210427d2021 k y0rusy50 ca 
101 0 |a rus  |d eng 
102 |a RU 
105 |a y z 101zy 
135 |a drcn ---uucaa 
181 0 |a i  
182 0 |a b 
200 1 |a Аналитический обзор опроса State of JavaScript Survey  |f Р. Р. Чикуров  |g науч. рук. Т. Ю. Чернышёва 
203 |a Текст  |c электронный 
225 1 |a Информационные технологии, экономика, управление 
230 |a 1 компьютерный файл (pdf; 362 Kb) 
300 |a Заглавие с экрана 
320 |a [Библиогр.: с. 147 (2 назв.)] 
330 |a В статье рассматриваются данные полученные в результате проведения опроса State of JavaScript Survey, отображающего популярность языка JavaScript и его библиотек. Анализируется статистика осведомленности о функциях JavaScript и частоте использования их среди разработчиков. 
330 |a The article examines the data obtained as a result of the State of JavaScript Survey, which shows the popularity of the JavaScript language and its libraries. We analyze statistics on the awareness of JavaScript functions and the frequency of their use among developers. 
463 0 |0 (RuTPU)RU\TPU\conf\34439  |t Прогрессивные технологии и экономика в машиностроении  |o сборник трудов XII Всероссийской научно-практической конференции для студентов и учащейся молодежи, 8-10 апреля 2021 г., Юрга  |f Национальный исследовательский Томский политехнический университет (ТПУ), Юргинский технологический институт (ЮТИ) ; под ред. С. А. Солодского  |v [С. 144-147]  |d 2021 
610 1 |a электронный ресурс 
610 1 |a труды учёных ТПУ 
610 1 |a аналитические обзоры 
610 1 |a JavaScript 
610 1 |a Angular 
610 1 |a разработчики 
610 1 |a State of JavaScript Survey 
610 1 |a Angular platform 
610 1 |a Arrow Functions 
610 1 |a async/await statement 
700 1 |a Чикуров  |b Р. Р. 
702 1 |a Чернышёва  |b Т. Ю.  |c специалист в области информатики и вычислительной техники  |c доцент Юргинского технологического института (филиала) Томского политехнического университета, кандидат технических наук  |f 1974-  |g Татьяна Юрьевна  |2 stltpush  |4 727  |9 11830 
712 0 2 |a Национальный исследовательский Томский политехнический университет  |b Юргинский технологический институт  |c (2009- )  |h 349  |2 stltpush  |3 (RuTPU)RU\TPU\col\15903 
801 2 |a RU  |b 63413507  |c 20210512  |g RCR 
856 4 |u http://earchive.tpu.ru/handle/11683/65284 
942 |c BK